[Event "Hradec Kralove Region-chT 2223"]
[Site "Czech Republic"]
[Date "2023.02.12"]
[Round "8.4"]
[White "Matras, Vojtech"]
[Black "Mojzis, Jan"]
[Result "1/2-1/2"]
[WhiteElo "1595"]
[BlackElo "2065"]
[PlyCount "21"]
[EventDate "2022.10.09"]
[EventType "team-tourn"]
[EventRounds "11"]
[EventCountry "CZE"]
[SourceTitle "EXT 2024"]
[Source "ChessBase"]
[SourceDate "2023.10.10"]
[SourceVersion "1"]
[SourceVersionDate "2023.10.10"]
[SourceQuality "1"]

1. e4 e6 2. d4 d5 3. e5 c5 4. c3 Nc6 5. Nf3 Bd7 6. Be2 f6 7. 0-0 Qc7 8. Bf4 Qb6 9. dxc5 Bxc5 10. b4 Be7 11. Nbd2 1/2-1/2

[Event "CZE-ch Betsys Online Blitz"]
[Site "Chess.com INT"]
[Date "2021.04.17"]
[Round "8"]
[White "Garabik, Marek"]
[Black "Matras, Vojtech"]
[Result "1/2-1/2"]
[WhiteElo "1555"]
[BlackElo "1651"]
[PlyCount "138"]
[EventDate "2021.04.17"]
[EventType "swiss (blitz)"]
[EventRounds "13"]
[EventCountry "CZE"]
[SourceTitle "CBM 201 Extra"]
[Source "ChessBase"]
[SourceDate "2021.05.31"]
[SourceVersion "1"]
[SourceVersionDate "2021.05.31"]
[SourceQuality "1"]

1. e4 e5 2. Nf3 Nc6 3. Bc4 Bc5 4. d3 Nf6 5. Nc3 h6 6. Be3 Bb6 7. h3 d6 8. Nd5 Nxd5 9. Bxd5 Bd7 10. Bxb6 axb6 11. 0-0 0-0 12. Nh2 Rb8 13. f4 Ne7 14. fxe5 Nxd5 15. exd5 dxe5 16. c4 b5 17. b3 bxc4 18. dxc4 c6 19. dxc6 Bxc6 20. Qxd8 Rbxd8 21. Nf3 Bxf3 22. Rxf3 Rd2 23. Rf2 Rfd8 24. Re1 f6 25. Ree2 Rd1+ 26. Kh2 R8d3 27. Rf3 Rxf3 28. gxf3 Kf7 29. Kg3 Rd3 30. Kf2 Ke6 31. Rb2 Kd6 32. Ke2 Rd4 33. Ke3 Kc5 34. a3 f5 35. Rc2 Kc6 36. b4 g5 37. Rc1 Rh4 38. a4 Rxh3 39. c5 Kc7 40. b5 Rh4 41. Ra1 Rc4 42. Rh1 Rxc5 43. Rxh6 Rc4 44. a5 b6 45. Rxb6 f4+ 46. Kf2 Ra4 47. Rc6+ Kd7 48. a6 Ra5 49. Rc5 Kd6 50. Rc6+ Kd7 51. Rb6 Kc7 52. Rb7+ Kc8 53. b6 Rxa6 54. Rc7+ Kd8 55. Rc5 Rxb6 56. Rxe5 Rg6 57. Ke2 Kd7 58. Rf5 Ke6 59. Rf8 Rf6 60. Rg8 Rf5 61. Rg6+ Kf7 62. Ra6 Re5+ 63. Kf2 Re6 64. Ra5 Rg6 65. Re5 g4 66. Rf5+ Ke6 67. Rxf4 gxf3 68. Rxf3 Rf6 69. Rxf6+ Kxf6 1/2-1/2